| 000 | 02061nam a2200349 i 4500 | ||
|---|---|---|---|
| 001 | 000006851 | ||
| 003 | DO-SdBNP | ||
| 005 | 20230524134741.0 | ||
| 007 | ta | ||
| 008 | 090903s2022 dr 001 0 spa d | ||
| 020 | _a9789945629163 | ||
| 040 |
_aDO-SdBNP _bspa _cBNPHU _erda |
||
| 082 | 4 |
_a972.930 _bP438h, 2022 _222 |
|
| 100 | 1 |
_aPérez Guerra, Irene _919025 |
|
| 245 | 1 | 0 |
_aHistoria y lengua : _bla presencia canaria en Santo Domingo. El caso de Sabana de la Mar / _cIrene Pérez Guerra. |
| 264 |
_aSanto Domingo : _bPatronato de la Ciudad Colonial de Santo Domingo: _bCentro de Altos Estudios Humanísticos y del Idioma Español, _c2022 |
||
| 300 |
_a639 paginas. : _bilustraciones ; _c28 cm. |
||
| 336 |
_2rdacontent _atexto _btxt |
||
| 337 |
_2rdamedia _asin mediación _bn |
||
| 338 |
_2rdacarrier _avolumen _bnc |
||
| 490 |
_aCiencias sociales ; _v44 |
||
| 505 | _aDedicatoria 11 -- Presentación 13 -- Introducción 15 -- Planteamiento de la investigación 21 -- El proceso migratorio y de población canario en el contexto americano 27 -- El poblamiento canario en Santo Domingo 77 -- Sabana de la Mar. Fundación, desarrollo y situación actual 173 -- Marco teórico para el estudio de los elementos lingüísticos canarios en Saba de la Mar 243 -- Metodología del trabajo de campo y aspectos sociolingüísticos canarios en Sabana de la Mar 243 -- El léxico de Sabana de la Mar y su relación con el canario 281 -- Conclusiones 475 -- Bibliografía 479 -- Anexos 511 -- índice de términos 593 -- Índice onomástico 609 -- Índice toponímico 615 -- Colección del Banco Central de la República Dominicana 625 | ||
| 590 | _aInventariado, 2023 / DG | ||
| 650 | 4 |
_aEspañol en República Dominicana _918785 |
|
| 650 | 4 |
_aSabana de la Mar (República Dominicana) _xHistoria _919026 |
|
| 650 | 4 |
_aEspañol en la Islas Canarias _919027 |
|
| 650 | 4 |
_aEspañol en el Caribe (Región) _919028 |
|
| 650 | 4 |
_aIslas Canarias _xEmigración e inmigración _919029 |
|
| 651 | 4 |
_aIslas Canarias _xHistoria _918525 |
|
| 910 | _aDG | ||
| 942 |
_2ddc _cLBS1 |
||
| 999 |
_c53608 _d53608 |
||